Normal view
MARC view
Entry Topical Term
001 - CONTROL NUMBER
- control field: 27970
003 - CONTROL NUMBER IDENTIFIER
- control field: OSt
005 - DATE AND TIME OF LATEST TRANSACTION
- control field: 20230714085459.0
008 - FIXED-LENGTH DATA ELEMENTS
- fixed length control field: 230714|| aca||aabn | a|a d
040 ## - CATALOGING SOURCE
- Original cataloging agency: OSt
- Transcribing agency: OSt
150 ## - HEADING--TOPICAL TERM
- Topical term or geographic name entry element: မွန်တိုင်းရင်းသား
- General subdivision: ယဉ်ကျေးမှုနှင့် ဓလေ့ထုံးစံ။
670 ## - SOURCE DATA FOUND
- Source citation: Work cat.: (OSt): နိုင်မောင်တိုး။ 27969, မွန်ဓလေ့နှင့် မွန်မှု /, ၁၉၈၉။